| 000 | 00385nam a22001577a 4500 | ||
|---|---|---|---|
| 003 | OSt | ||
| 005 | 20211201114342.0 | ||
| 008 | 211201b |||||||| |||| 00| 0 eng d | ||
| 020 | _a0-8120-5161-0 | ||
| 040 | _cHawassa University | ||
| 050 |
_a828.07/ENA _b1 |
||
| 082 |
_a828.07/ENA _b1 |
||
| 245 | _aEnamoured of An ASS | ||
| 260 |
_aNew York _bBarron's _c1977 |
||
| 942 |
_2ddc _cBOOKS _n0 |
||
| 999 |
_c20951 _d20951 |
||